[Event "Julian Mazur Memorial"]
[Site "Wellington Chess Club"]
[Date "2016.08.04"]
[Round "4"]
[White "Dixon, Hamish"]
[Black "Sknar, Andrew"]
[Result "1-0"]
[WhiteElo "1544"]
[BlackElo "1152"]

1. e4 e5 2. Nf3 Nc6 3. d4 exd4 4. Nxd4 Nxd4 5. Qxd4 d6 6. Nc3 Nf6 7. Bg5 Be7 8.
O-O-O O-O 9. f4 Bg4 10. Rd2 Nd7 11. Bxe7 Qxe7 12. h3 Be6 13. f5 c5 14. Qe3 Bxf5
15. Qf4 Bg6 16. Qxd6 Qxd6 17. Rxd6 Nf6 18. Bd3 c4 19. Bxc4 Bxe4 20. Nxe4 Nxe4
21. Rd7 Rac8 22. Bd5 Nf6 23. Rd6 Rcd8 24. Rxd8 Rxd8 25. Bxb7 {I give up. White
won soon} 1-0

[Event "Julian Mazur Memorial"]
[Site "Wellington Chess Club"]
[Date "2016.08.04"]
[Round "4"]
[White "Farrington, Lawrence"]
[Black "Wight, Joshua"]
[Result "0-1"]
[WhiteElo "1810"]
[BlackElo "1534"]

1. e4 e5 2. Nf3 Nc6 3. Nc3 Bc5 4. Bb5 d6 5. d4 exd4 6. Nxd4 Qf6 7. Be3 Ne7 8.
O-O Bd7 9. Bxc6 bxc6 10. Qd2 Bb4 11. Bg5 Bxc3 12. bxc3 Qg6 13. Bxe7 Kxe7 14.
Rab1 Rab8 15. Rb3 Rb6 16. f3 Rhb8 17. Rfb1 c5 18. Rxb6 Rxb6 19. Rxb6 cxb6 20.
Ne2 f6 21. Qd5 Qf7 22. Nf4 f5 23. c4 Qf6 24. exf5 Qxf5 25. Qe4+ Be6 26. Qxf5
Bxf5 27. Nd5+ Kd7 28. c3 Be6 29. Ne3 Kc6 30. Kf2 b5 31. cxb5+ Kxb5 32. a3 Ka4
33. Ke2 Kxa3 34. Kd3 Kb3 35. c4 a6 36. f4 a5 37. f5 Bf7 38. g4 a4 39. g5 a3 40.
h4 a2 41. Nc2 Bxc4+ 42. Kd2 Kb2 43. h5 h6 44. f6 hxg5 45. fxg7 Bg8 46. h6 g4
0-1

[Event "Julian Mazur Memorial"]
[Site "Wellington Chess Club"]
[Date "2016.08.04"]
[Round "4"]
[White "Forster, Bill"]
[Black "Austin, Tama"]
[Result "1-0"]
[WhiteElo "2075"]
[BlackElo "1250"]

1. d4 d5 2. c4 c6 3. Nf3 Nf6 4. Nc3 dxc4 5. a4 Bf5 6. Ne5 Nbd7 7. Nxc4 Nb6 8.
Ne5 e6 9. f3 c5 10. e4 cxd4 11. Bb5+ Nbd7 12. Qxd4 a6 13. Bxd7+ Nxd7 14. Qxd7+
Qxd7 15. Nxd7 Bxe4 1-0

[Event "Julian Mazur Memorial"]
[Site "Wellington Chess Club"]
[Date "2016.08.04"]
[Round "4"]
[White "Ker, Anthony"]
[Black "Dive, Russell"]
[Result "1/2-1/2"]
[WhiteElo "2415"]
[BlackElo "2452"]

1. e4 e5 2. Nf3 Nf6 3. Nxe5 d6 4. Nf3 Nxe4 5. Nc3 Nxc3 6. dxc3 Be7 7. Bf4 Nd7
8. Qd2 Nc5 9. O-O-O O-O 10. Be3 Ne4 11. Qd4 Ng5 12. Be2 Re8 13. Kb1 Bf6 14.
Bxg5 Bxg5 15. Nxg5 Qxg5 16. Bf3 Qe5 17. Qd2 Qb5 18. Qd3 Qxd3 19. Rxd3 Rb8 20.
Kc1 Bf5 21. Rd4 b6 22. Bc6 Re7 23. Kd2 Kf8 24. Ra4 a5 25. Rf4 Bd7 26. Bxd7 Rxd7
27. Re1 Re7 28. Rxe7 Kxe7 29. Kd3 Ke6 30. Re4+ Kd7 31. Rh4 h6 32. Rf4 Ke6 33.
Re4+ Kd7 34. Rf4 Ke6 1/2-1/2

[Event "Julian Mazur Memorial"]
[Site "Wellington Chess Club"]
[Date "2016.08.04"]
[Round "4"]
[White "Kulkarni, Yogesh"]
[Black "Barraza, Jesse"]
[Result "1-0"]
[WhiteElo "1854"]
[BlackElo "1925"]

1. c4 f5 2. Nc3 Nf6 3. g3 e6 4. Bg2 d5 5. cxd5 exd5 6. e3 c6 7. Nge2 Nbd7 8.
O-O Nc5 9. Qc2 Bd6 10. b3 O-O 11. Bb2 Qe8 12. b4 Nce4 13. a3 Qh5 14. Nf4 Bxf4
15. exf4 Qg6 16. d3 Nxc3 17. Qxc3 Bd7 18. Rfe1 Rfe8 19. Qc5 Be6 20. Re2 Qf7 21.
Rae1 Qd7 22. Be5 b6 23. Qc3 Kf7 24. Bf3 Rac8 25. Bxf6 gxf6 26. Bh5+ Kg7 27.
Bxe8 Rxe8 28. Rc2 Rc8 29. Rec1 d4 30. Qb2 Qd5 31. Re1 Kf7 32. Rcc1 Qf3 33. Qe2
Bd5 34. Qxf3 Bxf3 35. Kf1 Bd5 36. Ke2 h5 37. Kd2 Be6 38. a4 Ke7 39. Rc4 c5 40.
bxc5 bxc5 41. Rc2 Kd6 42. Rb2 Bd5 43. a5 Rh8 44. h4 Rc8 45. Reb1 c4 46. dxc4
Be4 47. Rc1 Kc6 48. Rb3 Kc5 49. Rb5+ Kc6 50. Rb3 Kc5 51. f3 Bc6 52. Ke2 Re8+
53. Kf2 Rd8 54. Rb2 Re8 55. Re2 Rd8 56. Re6 d3 57. Rd1 Ba4 58. Rd2 Kd4 59. c5
Kc3 60. Ke1 Bc2 61. c6 Rb8 62. c7 Rc8 63. Rc6+ Kb4 64. Rdxc2 dxc2 65. Rxc2 Kxa5
66. g4 fxg4 67. fxg4 Kb6 68. gxh5 a5 69. h6 Kb7 70. h7 Re8+ 71. Re2 Rh8 72. Re7
a4 73. Rg7 Rc8 74. Rg8 a3 75. Rxc8 a2 76. Ra8 1-0

[Event "Julian Mazur Memorial"]
[Site "Wellington Chess Club"]
[Date "2016.08.04"]
[Round "4"]
[White "Meravanage, Satwik"]
[Black "Forlong-Ford, Colwyn"]
[Result "1-0"]
[WhiteElo "1395"]
[BlackElo "1731"]

1. e4 e5 2. Nc3 Nf6 3. f4 d6 4. Bc4 exf4 5. d3 g5 6. h4 Rg8 7. hxg5 Rxg5 8.
Bxf4 Rxg2 9. Qf3 Rg6 10. Nge2 Bg4 11. Qf2 Nbd7 12. O-O-O h5 13. Rde1 Ne5 14.
Bxe5 dxe5 15. Ng3 Qd7 16. Nd5 Nxd5 17. Bxd5 c6 18. Bb3 Bh6+ 19. Kb1 f6 20. Nxh5
Bxh5 21. Rxh5 O-O-O 22. Rg1 Qg7 23. Qf5+ 1-0

[Event "Julian Mazur Memorial"]
[Site "Wellington Chess Club"]
[Date "2016.08.04"]
[Round "4"]
[White "Nijman, Brian"]
[Black "Stracy, Don"]
[Result "1-0"]
[WhiteElo "2141"]
[BlackElo "1742"]

1. d4 Nf6 2. Bg5 d5 3. e3 Ne4 4. Bf4 c5 5. Nd2 Nxd2 6. Qxd2 e6 7. c3 Nd7 8. Bd3
Nf6 9. Ne2 c4 10. Bb1 Be7 11. Ng3 b5 12. O-O O-O 13. f3 Bb7 14. e4 dxe4 15.
fxe4 Re8 16. Bg5 h6 17. Bxh6 gxh6 18. Qxh6 {The rest is scrawl, no doubt Brian
won brilliantly} 1-0

[Event "Julian Mazur Memorial"]
[Site "Wellington Chess Club"]
[Date "2016.08.04"]
[Round "4"]
[White "Sellen, Ian"]
[Black "Rossiter, Philip"]
[Result "1-0"]
[WhiteElo "2116"]
[BlackElo "1814"]

1. c4 e5 2. Nc3 Nc6 3. d3 g6 4. Nf3 Bg7 5. g3 Nge7 6. Bg2 d6 7. O-O O-O 8. Rb1
f5 9. e3 h6 10. Ne2 Be6 11. b3 Qd7 12. d4 d5 $6 ( {After the game we decided
that this was where black started to go wrong} 12... e4 13. Nd2 { gives
approximate equality. I think he played it because he didn't want me to get in
a d5 move first.} ) 13. Nxe5 Nxe5 14. dxe5 Bxe5 15. Ba3 Bd6 ( {This is
definitely a mistake because it gives up the long diagonal to black's king}
15... Rfd8 16. Qc2 { is better, but white retains a small advantage} ) 16. Bb2
$1 {I may not get a second chance!} 16... dxc4 ( {If my opponent tried} 16...
Bc5 {to stop my queen coming to d4 I was planning} 17. b4 $1 Bxb4 18. Qd4) 17.
Qd4 Kf7 (17... Nc6 18. Qh8+ Kf7 19. Qh7+ Ke8 20. Qxg6+ Kd8 21. Qxh6 cxb3 22.
axb3 {white has a comfortable advantage} ) 18. bxc4 c5 19. Qg7+ Ke8 20. Rfd1
Qc7 ( {black should take the pawn on c4 as it turns out} 20... Bxc4) 21. Bc3 (
{Philip said he really liked this move after the game.} 21. Qxh6 {also works} )
21... Rb8 22. Nf4 Bf7 23. Rxd6 $1 {the start of a forcing sequence which
results in a winning position for white} 23... Qxd6 24. Be5 Qd8 25. Bxb8 Qxb8
26. Rxb7 Qd8 27. Rxa7 (27. Bd5 $1 {is the best, but my move was enough to make
my opponent throw in the towel} ) 1-0

[Event "Julian Mazur Memorial"]
[Site "Wellington Chess Club"]
[Date "2016.08.04"]
[Round "4"]
[White "Stone, Andrew"]
[Black "Croad, Nicolas"]
[Result "1-0"]
[WhiteElo "2063"]
[BlackElo "2412"]

1. e4 c5 2. Nf3 d6 3. d4 cxd4 4. Qxd4 a6 5. h3 Nf6 6. Be2 e5 7. Qe3 Qc7 8. O-O
Be7 ( {obviously not } 8... Qxc2 9. Nc3) 9. c4 Be6 10. b3 O-O 11. Nc3 Nbd7 12.
Na4 h6 13. Ba3 Qb8 14. Nb6 Nxb6 15. Qxb6 Nxe4 16. Nxe5 Nc5 17. Nd3 Bd8 18. Qb4
Bf6 19. Rac1 b6 20. Qd2 Re8 21. Bb2 Ne4 22. Qc2 Bg5 23. Rcd1 Bf5 24. Bf3 d5 25.
cxd5 Nc5 26. d6 Ra7 27. Bc6 Rc8 28. f4 Bh4 29. Qc3 Bf6 30. Ne5 Nd7 31. Qf3 b5
32. Bxd7 Bxd7 33. Nxd7 Rxd7 34. Bxf6 gxf6 35. Qg4+ 1-0

[Event "Julian Mazur Memorial"]
[Site "Wellington Chess Club"]
[Date "2016.08.11"]
[Round "5"]
[White "Barraza, Jesse"]
[Black "Dixon, Hamish"]
[Result "1/2-1/2"]
[WhiteElo "1925"]
[BlackElo "1544"]

1. c4 Nf6 2. Nc3 b6 3. d4 Bb7 4. Nf3 d5 5. e3 e6 6. Bd3 Nbd7 7. O-O Be7 8. cxd5
exd5 9. Qc2 O-O 10. e4 dxe4 11. Nxe4 Nxe4 12. Bxe4 Bxe4 13. Qxe4 Nf6 14. Qf5
Qd5 15. Qh3 Rad8 16. Re1 Rfe8 17. Re5 Qd7 18. Qxd7 Nxd7 19. Re2 Nf6 20. Bg5 h6
21. Bh4 Nd5 22. Rae1 Kf8 23. Bxe7+ Rxe7 24. Ne5 Rd6 25. Kf1 Rde6 26. g3 Ke8 27.
a3 a5 28. Nc4 Kd7 29. Ne3 Nxe3+ 30. fxe3 Rf6+ 31. Rf2 Rfe6 32. Rfe2 Re4 33. Kf2
Kd6 34. Rc2 c6 35. Rc3 R4e6 36. Rec1 Kd5 37. Ke2 Rc7 38. Kd3 Re4 39. Rxc6 (39.
Rc5+ $1) 39... Rxe3+ 40. Kxe3 Rxc6 41. Rxc6 Kxc6 42. Ke4 Kd6 43. a4 g6 44. g4
f6 45. h4 Ke6 {Draw agreed, but white is totally winning} 1/2-1/2

[Event "Julian Mazur Memorial"]
[Site "Wellington Chess Club"]
[Date "2016.08.11"]
[Round "5"]
[White "Brockway, Andrew"]
[Black "Croad, Nicolas"]
[Result "0-1"]
[WhiteElo "1801"]
[BlackElo "2429"]

1. e4 c5 2. Nc3 Nc6 3. Bb5 Nd4 4. Bc4 e6 5. Nge2 Nf6 6. O-O a6 7. d3 b5 8. Bb3
Bb7 9. Nxd4 cxd4 10. Ne2 Qb6 11. Ng3 Qc5 12. f4 h5 13. h3 h4 14. Nh1 g6 15. Qe1
Be7 16. Bd2 d5 17. e5 Nh5 18. a3 Ng7 19. Bb4 Qc7 20. a4 O-O 21. Ba5 Qd7 22. Bd2
Nf5 23. Qf2 bxa4 24. Bxa4 Bc6 25. Bb3 Bb5 26. Qf3 Rfc8 27. g4 Ne3 28. Rfc1 Nc4
29. dxc4 dxc4 30. Bxc4 Bxc4 31. Nf2 Bd5 32. Qd3 Bb7 33. Ne4 Qc6 34. Re1 Qxc2
35. Qxc2 Rxc2 36. Bc1 Rac8 37. Nd6 Rg2+ 38. Kf1 Rcc2 0-1

[Event "Julian Mazur Memorial"]
[Site "Wellington Chess Club"]
[Date "2016.08.11"]
[Round "5"]
[White "Coghini, Phillip"]
[Black "Meravanage, Satwik"]
[Result "1/2-1/2"]
[WhiteElo "1872"]
[BlackElo "1395"]

1. d4 d5 2. c4 c6 3. Nf3 Nf6 4. cxd5 cxd5 5. Nc3 Bf5 6. Bf4 e6 7. e3 Nc6 8. Bb5
a6 9. Bxc6+ bxc6 10. Ne5 c5 11. Qa4+ Nd7 12. g4 Bg6 13. h4 f6 14. Nxg6 hxg6 15.
Qc6 Kf7 16. Bc7 Rc8 17. Nxd5 Nb8 18. Qxe6+ Kxe6 19. Nf4+ Kf7 20. Bxd8 Rxd8 21.
h5 Bd6 22. Nxg6 Rhe8 23. O-O-O Nc6 24. dxc5 Bxc5 25. Kb1 Rxd1+ 26. Rxd1 Ne5 27.
Rc1 Bd6 28. Nxe5+ Bxe5 29. f4 Bb8 30. Rc3 Re4 31. Kc2 g5 32. hxg6+ Kxg6 33. Kd3
Re7 34. b4 Ba7 35. Ke2 Rh7 36. Kf3 Rh3+ 37. Ke4 Rg3 38. Ra3 Bb6 39. Rd3 Ba7 40.
a4 Rxg4 41. Kf3 Rh4 42. Kg3 Rh1 43. Rb3 Kf5 44. b5 axb5 45. axb5 Bb6 46. Rd3
1/2-1/2

[Event "Julian Mazur Memorial"]
[Site "Wellington Chess Club"]
[Date "2016.08.11"]
[Round "5"]
[White "Dive, Russell"]
[Black "Nijman, Brian"]
[Result "1-0"]
[WhiteElo "2452"]
[BlackElo "2141"]

1. Nf3 g6 2. g3 Bg7 3. Bg2 e5 4. O-O Nc6 5. c4 f5 6. d3 Nge7 7. Nc3 O-O 8. Rb1
d6 9. Bd2 Kh8 10. b4 Ng8 11. b5 Nce7 12. Qb3 h6 13. Ne1 f4 14. Nc2 g5 15. a4 g4
16. Rfd1 Nf5 17. e3 f3 18. Bf1 Be6 19. Be1 Qe8 20. d4 Nf6 21. dxe5 dxe5 22. Nd5
Bxd5 23. cxd5 Rd8 24. Nb4 Qf7 25. a5 Ne7 26. a6 b6 27. Qc4 Rd7 28. Nc6 Nxc6 29.
dxc6 Rxd1 30. Rxd1 Qe8 31. Bb4 Rg8 32. Qc2 Bf8 33. Qf5 Bg7 34. Bc4 Qc8 35. Be6
Rd8 36. Bd7 Qb8 37. Be7 Rf8 38. Bxf8 Qxf8 39. h3 1-0

[Event "Julian Mazur Memorial"]
[Site "Wellington Chess Club"]
[Date "2016.08.11"]
[Round "5"]
[White "Forlong-Ford, Colwyn"]
[Black "Asplet, Mike"]
[Result "1-0"]
[WhiteElo "1731"]
[BlackElo "1472"]

1. e4 e5 2. Nf3 Nc6 3. Nc3 Nf6 4. Bc4 Bc5 5. d3 O-O 6. Bg5 d6 7. h3 Be6 8. Bb3
Bxb3 9. axb3 a6 10. Nd5 h6 11. Nxf6+ gxf6 12. Bxh6 Re8 13. Nh4 Nd4 14. Qg4+ Kh7
15. Qg7# 1-0

[Event "Julian Mazur Memorial"]
[Site "Wellington Chess Club"]
[Date "2016.08.11"]
[Round "5"]
[White "Forster, Bill"]
[Black "Ker, Anthony"]
[Result "0-1"]
[WhiteElo "2075"]
[BlackElo "2415"]

1. e4 d6 2. d4 Nf6 3. Nc3 g6 4. f4 Bg7 5. Nf3 c5 6. Bb5+ Bd7 7. e5 Ng4 8. e6
Bxb5 9. exf7+ Kd7 10. Nxb5 Qa5+ 11. Nc3 cxd4 12. Nxd4 h5 13. Nf3 Bxc3+ 14. bxc3
Qxc3+ 15. Bd2 Qc5 16. Qe2 Nc6 17. Rb1 b6 18. c4 Nd4 19. Nxd4 Qxd4 20. h3 Nf6
21. Be3 Qe4 22. O-O Rac8 23. Rbc1 Rhf8 24. c5 Rxc5 25. Rxc5 bxc5 26. Qb5+ Ke6
27. Bd2 Qd4+ 28. Rf2 Ne4 29. Qe2 Qxf2+ 0-1

[Event "Julian Mazur Memorial"]
[Site "Wellington Chess Club"]
[Date "2016.08.11"]
[Round "5"]
[White "Jackson, Ross"]
[Black "Kulkarni, Yogesh"]
[Result "1-0"]
[WhiteElo "2027"]
[BlackElo "1854"]

1. d4 d5 2. c4 c6 3. Nf3 Nf6 4. e3 Bf5 5. Nc3 e6 6. Bd3 Bxd3 7. Qxd3 dxc4 8.
Qxc4 Nbd7 9. O-O Nb6 10. Qe2 c5 11. Rd1 cxd4 12. Nxd4 Qc8 13. e4 e5 14. Qb5+
Nfd7 15. Nf5 a6 16. Qe2 g6 17. Nd6+ Bxd6 18. Rxd6 Qc7 19. Rd1 O-O-O 20. Bg5 f6
21. Rac1 Nc4 22. Nd5 1-0

[Event "Julian Mazur Memorial"]
[Site "Wellington Chess Club"]
[Date "2016.08.11"]
[Round "5"]
[White "Stoeveken, Peter"]
[Black "Cunningham, Patrick"]
[Result "0-1"]
[WhiteElo "1932"]
[BlackElo "1744"]

1. d4 Nf6 2. Bg5 g6 3. Bxf6 exf6 4. e4 Bg7 5. Nf3 O-O 6. c3 d6 7. Be2 Bg4 8.
Nbd2 Nc6 9. O-O Re8 10. Bb5 a6 11. Bxc6 bxc6 12. h3 Be6 13. Re1 Qd7 14. Qa4
Reb8 15. b3 Rb5 16. Nf1 Bxh3 17. gxh3 Qxh3 18. N1h2 Rh5 19. Qxc6 Rf8 20. Qxc7
Rc8 21. Qxd6 Rxc3 22. Qg3 Rg5 23. Qxg5 fxg5 24. Rad1 Rxf3 25. Nxf3 Qxf3 26. d5
Be5 27. d6 Qg4+ 28. Kf1 Qh3+ 29. Ke2 Qd7 30. Rd5 Bxd6 31. Rxg5 Bf4 32. Rd5 Qg4+
33. Kf1 Qf3 34. Kg1 Qh3 35. Red1 Qh2+ 36. Kf1 Qh1+ 37. Ke2 Qxe4+ 38. Kf1 Qh1+
39. Ke2 Qe4+ 40. Kf1 Qh1+ 41. Ke2 Qg2 42. R1d3 g5 43. Rf3 h5 44. Rdd3 Qg4 45.
a4 Qe6+ 46. Kf1 Qb6 47. Ke2 Qf6 48. Kf1 Qa1+ 49. Ke2 Qb2+ 50. Kd1 Qc1+ 51. Ke2
Qc2+ 52. Kf1 h4 53. Kg2 Qc1 54. Kh3 Qg1 55. Rd5 Kg7 56. Rfd3 Kg6 57. Rd8 g4+
0-1

[Event "Julian Mazur Memorial"]
[Site "Wellington Chess Club"]
[Date "2016.08.11"]
[Round "5"]
[White "Wight, Joshua"]
[Black "List, Robert"]
[Result "0-1"]
[WhiteElo "1534"]
[BlackElo "1661"]

1. e4 d6 2. Nc3 c6 3. Bc4 Qc7 4. f4 Nf6 5. d3 a5 6. a4 Na6 7. Qf3 Qb6 8. Bb3
Bg4 9. Qg3 h5 10. Be3 Qb4 11. f5 h4 12. Qf2 Nc5 13. Ra3 Nfxe4 14. dxe4 Nxe4 15.
Qf1 Nxc3 16. bxc3 Qxa3 17. Qc4 Bh5 18. Qd4 Qc5 19. Qd3 Qe5 20. Nf3 Bxf3 21.
gxf3 Rh5 22. f4 Qxf5 23. Qd4 Qd7 24. Rg1 g6 25. Rg5 e5 26. fxe5 Rxg5 27. e6
fxe6 28. Bxg5 d5 29. Qxh4 Qf7 30. c4 Kd7 31. cxd5 cxd5 32. Qh3 Bb4+ 33. c3 Be7
34. Be3 Qf5 35. Qh7 Rf8 36. Kd2 Rf7 37. Qh8 Bg5 38. Qd4 Bxe3+ 39. Qxe3 Qf2+ 40.
Qe2 Qxe2+ 41. Kxe2 Rh7 0-1

[Event "Julian Mazur Memorial"]
[Site "Wellington Chess Club"]
[Date "2016.08.11"]
[Round "5"]
[White "Zhao, Aiden"]
[Black "Farrington, Lawrence"]
[Result "0-1"]
[WhiteElo "1231"]
[BlackElo "1810"]

1. e4 e6 2. d4 d5 3. Nc3 Bb4 4. exd5 exd5 5. Bd2 Nf6 6. a3 Be7 7. Qf3 O-O 8.
O-O-O Bg4 9. Qe3 Bxd1 10. Kxd1 Re8 11. Qh3 Nc6 12. Nf3 Ne4 13. Be1 Nxc3+ 14.
Bxc3 Bf6 15. Bd3 g6 16. Qg3 Qd7 17. Bb5 a6 18. Bd3 Rad8 19. Qf4 Qd6 20. Qg4 Qd7
21. Qf4 Bg7 22. Be2 Re4 23. Qd2 Rde8 24. Re1 Qd8 25. Ng5 R4e7 26. b3 Qd6 27.
Qc1 Bxd4 28. Bxd4 Nxd4 29. Rf1 Qc5 0-1

[Event "Julian Mazur Memorial"]
[Site "Wellington Chess Club"]
[Date "2016.08.18"]
[Round "6"]
[White "Brockway, Andrew"]
[Black "Kibblewhite, Daniel"]
[Result "1-0"]
[BlackElo "1000"]
[EventDate "2016.08.18"]
[WhiteElo "1801"]

1. e4 e6 2. d4 d5 3. Nd2 Nc6 4. Ngf3 Be7 5. Bb5 Bd7 6. O-O Nf6 7. e5 Nh5 8. Re1
O-O 9. c3 a6 10. Ba4 Na5 11. Bc2 c5 12. Nf1 Qb6 13. Ng5 (13. g4 f5 14. gxh5)
13... g6 14. Nf3 (14. Nxh7 Kxh7 15. Qxh5+) 14... Rfe8 15. Ng3 Nxg3 16. hxg3 Bf8
17. Nh4 cxd4 18. cxd4 Rac8 19. b3 Rc6 20. Bd2 Rec8 21. Bxa5 Qxa5 22. Bd3 Ba3
23. Qe2 Bb4 24. Red1 Bc3 25. Rab1 Bxd4 26. Bxg6 Bxf2+ 27. Qxf2 hxg6 (27... fxg6
) 28. Rf1 Be8 29. Nxg6 Qc5 (29... fxg6 30. Qf8+ Kh7 31. Qe7+ Kh6 32. Qf6 Qb6+
33. Kh2 Qb4 34. Rf4) 30. Qxc5 Rxc5 31. Ne7+ Kf8 32. Nxc8 Rxc8 33. Rbc1 Rd8 34.
Rc7 Bc6 35. Rfxf7+ Kg8 36. Rg7+ Kf8 37. Rcf7+ Ke8 38. g4 Rd7 39. Rxd7 Bxd7 40.
Kf2 Bc6 41. Ke3 Kf8 42. Rg6 Kf7 43. Rf6+ Ke7 44. Kd4 b6 45. g5 Be8 46. b4 Bf7
47. Rh6 Bg8 48. Rh3 Kf7 49. Ra3 a5 50. bxa5 bxa5 51. Rxa5 Kg6 52. Ra3 Bf7 53.
Rf3 Bg8 54. a4 Bf7 55. Rxf7 Kxf7 56. a5 1-0

[Event "Julian Mazur Memorial"]
[Site "Wellington Chess Club"]
[Date "2016.08.18"]
[Round "6"]
[White "Croad, Nicolas"]
[Black "Jackson, Ross"]
[Result "1-0"]
[WhiteElo "2412"]
[BlackElo "2027"]

1. e4 c5 2. Nf3 e6 3. Nc3 Nc6 4. d4 cxd4 5. Nxd4 Nf6 6. Be2 Bb4 7. f3 d5 8.
Nxc6 bxc6 9. Bd2 O-O 10. a3 Bc5 11. Bg5 h6 12. Bh4 g5 13. Bg3 a5 { This is
pretty good progress, considering I only have Ross's scoresheet to go on.  I'll
give up now while the going's good.} 1-0

[Event "Julian Mazur Memorial"]
[Site "Wellington Chess Club"]
[Date "2016.08.18"]
[Round "6"]
[White "Cunningham, Patrick"]
[Black "Aldridge, Alan"]
[Result "1-0"]
[WhiteElo "1744"]
[BlackElo "1992"]

1. d4 Nf6 2. Nf3 b6 3. g3 Bb7 4. Bg2 e6 5. O-O Be7 6. c4 O-O 7. Nc3 d6 8. Re1
Nbd7 9. e4 d5 10. cxd5 exd5 11. e5 Ne4 12. Nxe4 dxe4 13. Nd2 c5 14. Nxe4 cxd4
15. Qxd4 Rc8 16. Be3 Bxe4 17. Qxe4 Nc5 18. Qg4 Re8 19. Rad1 Qc7 20. Bh6 Bf8 21.
Bf4 Ne6 22. Bd2 Red8 23. Bc3 a5 24. Be4 g6 25. h4 b5 26. Bd5 Re8 27. Bxe6 Rxe6
28. h5 b4 29. Bd4 Qc4 30. Rc1 Qa6 31. hxg6 hxg6 32. Rxc8 Qxc8 33. Qe4 Qc4 34.
b3 Qc8 35. Qg4 Qc2 36. Re2 Qc1+ 37. Kg2 Be7 38. Qe4 Rc6 39. e6 Rxe6 40. Qa8+
Bf8 41. Rxe6 fxe6 42. Qe4 Qh6 43. Qxe6+ Kh7 44. Qf7+ Bg7 45. Qxg7+ Qxg7 46.
Bxg7 Kxg7 47. Kf3 Kf6 48. Ke4 Ke6 49. f4 Kd6 50. g4 Ke6 51. f5+ gxf5+ 52. gxf5+
Kf6 53. Kf4 Kf7 54. Ke5 Ke7 1-0

[Event "Julian Mazur Memorial"]
[Site "Wellington Chess Club"]
[Date "2016.08.18"]
[Round "6"]
[White "Day, Fabian"]
[Black "Stoeveken, Peter"]
[Result "0-1"]
[WhiteElo "1564"]
[BlackElo "1932"]

1. e4 c5 2. d4 cxd4 3. c3 dxc3 4. Nxc3 e5 5. Nf3 Nc6 6. Bc4 Bb4 7. Qb3 Qe7 8.
Ng5 Nh6 9. O-O Na5 10. Nd5 Nxb3 11. Nxe7 Nxa1 12. Nxc8 Rxc8 13. Be3 Rxc4 0-1

[Event "Julian Mazur Memorial"]
[Site "Wellington Chess Club"]
[Date "2016.08.18"]
[Round "6"]
[White "Dixon, Hamish"]
[Black "Coghini, Phillip"]
[Result "1-0"]
[WhiteElo "1544"]
[BlackElo "1872"]

1. e4 e5 2. Nf3 Nc6 3. d4 exd4 4. Nxd4 Nf6 5. Nxc6 bxc6 6. Bd3 Be7 7. O-O O-O
8. e5 Nd5 9. c4 Nb6 10. Nc3 d5 11. exd6 cxd6 12. Bf4 Bb7 13. Qc2 g6 14. Rad1 d5
15. cxd5 cxd5 16. Bh6 Re8 17. Bb5 Rc8 18. Bxe8 Qxe8 19. Qb3 Qc6 20. Qb5 Qxb5
21. Nxb5 Ba6 22. Nxa7 Rc7 23. Be3 Rxa7 24. Bxb6 Rb7 25. Rfe1 Rxb6 26. Rxe7 Rxb2
27. Ra1 d4 28. a4 Be2 29. Rxe2 Rxe2 30. Kf1 Re6 31. a5 Ra6 32. Ke2 Kf8 33. Kd3
Ke7 34. Kxd4 Kd6 35. Ra2 f6 36. Kc4 Kc6 37. Kb4 Kb7 38. Kb5 Re6 39. Rc2 h6 40.
g3 h5 41. f4 Rd6 42. Rc3 Re6 43. Rd3 Kc7 44. a6 Kb8 45. Rd8+ Ka7 46. Rd7+ Kb8
47. a7+ Ka8 48. Rc7 f5 49. Rc6 Re7 50. Ra6 Rb7+ 51. Kc5 Rxa7 52. Rxg6 h4 53.
Rg8+ 1-0

[Event "Julian Mazur Memorial"]
[Site "Wellington Chess Club"]
[Date "2016.08.18"]
[Round "6"]
[White "Farrington, Lawrence"]
[Black "Sknar, Andrew"]
[Result "1-0"]
[WhiteElo "1810"]
[BlackElo "1152"]

1. e4 e5 2. Nf3 Nc6 3. Nc3 Nf6 4. Bb5 d6 5. d4 Bd7 6. O-O a6 7. Bxc6 Bxc6 8.
dxe5 dxe5 9. Qxd8+ Rxd8 10. Bg5 Be7 11. Nxe5 h6 12. Nxc6 bxc6 13. Bf4 Rd4 14.
Be5 Rd2 15. Rac1 O-O 16. Bxc7 Re8 17. Bf4 Rd7 18. Rcd1 Rxd1 19. Rxd1 Bb4 20. f3
Bxc3 21. bxc3 g5 22. Bg3 g4 23. Rd6 Re6 24. Rxe6 fxe6 25. c4 Kf7 26. c5 Kg6 27.
Kf1 gxf3 28. gxf3 Kg5 29. Ke2 h5 30. h4+ Kg6 31. Kd3 Nd7 32. Bd6 e5 33. Kc4 a5
34. Kb3 Kf6 35. Ka4 Ke6 36. Kxa5 Nxc5 37. Bxc5 Kd7 38. Kb6 Kc8 39. Be7 Kb8 40.
a4 1-0

[Event "Julian Mazur Memorial"]
[Site "Wellington Chess Club"]
[Date "2016.08.18"]
[Round "6"]
[White "Ker, Anthony"]
[Black "Stone, Andrew"]
[Result "1-0"]
[WhiteElo "2415"]
[BlackElo "2063"]

1. e4 e5 2. Nf3 Nc6 3. d4 exd4 4. Nxd4 Bc5 5. Nxc6 Qf6 6. Qd2 dxc6 7. Nc3 Bd4
8. Bd3 Ne7 9. O-O Ng6 10. Ne2 Bb6 11. Qc3 Qxc3 12. Nxc3 Ne5 13. Be2 Be6 14. Na4
Bc4 15. Bxc4 Nxc4 16. b3 Nd6 17. Bb2 O-O 18. Rfe1 Ba5 19. Re2 Rfe8 20. e5 b5
21. Nc5 Bb6 22. Nd7 c5 23. Rd2 Ne4 24. Nxb6 axb6 25. Rd7 Ng5 26. f4 Ne6 27. g3
Kf8 28. a3 Red8 29. Rad1 Nd4 30. Rxd8+ Rxd8 31. Kf2 Ke7 32. Rd2 h5 33. h3 g5
34. fxg5 Ke6 35. g4 hxg4 36. h4 g3+ 37. Kg2 Kxe5 38. c3 Ne6 39. Rxd8 Nxd8 40.
h5 Kf5 41. h6 Kg6 42. Kxg3 Ne6 43. Bc1 f6 44. gxf6 Kxf6 45. Kf3 Nf8 46. Ke4 Ke6
47. Bf4 Kd7 48. Kf5 c4 49. bxc4 bxc4 50. Kf6 Ke8 51. Bxc7 b5 52. Bd6 1-0

[Event "Julian Mazur Memorial"]
[Site "Wellington Chess Club"]
[Date "2016.08.18"]
[Round "6"]
[White "Kulkarni, Yogesh"]
[Black "Forster, Bill"]
[Result "0-1"]
[WhiteElo "1854"]
[BlackElo "2075"]

1. c4 Nf6 2. Nc3 c6 3. e4 d5 4. e5 Ne4 5. d4 Qa5 6. Qb3 e6 7. f3 Nxc3 8. bxc3
Be7 9. Nh3 Nd7 10. Bd2 O-O 11. c5 Qc7 12. Bd3 b6 13. cxb6 axb6 14. a4 Ba6 15.
Bxa6 Rxa6 16. O-O Rfa8 17. Ra2 b5 18. Rfa1 Qa7 19. a5 Nxe5 20. Kh1 Nc4 21. Bf4
Qb7 22. Qc2 R8a7 23. Ng5 Bxg5 24. Bxg5 Qa8 25. h4 Rxa5 26. Rxa5 Rxa5 27. Rxa5
Qxa5 28. h5 h6 29. Bc1 Qa1 30. Kh2 b4 0-1

[Event "Julian Mazur Memorial"]
[Site "Wellington Chess Club"]
[Date "2016.08.18"]
[Round "6"]
[White "Pomeroy, Arthur"]
[Black "Stracy, Don"]
[Result "1-0"]
[WhiteElo "2133"]
[BlackElo "1742"]

1. e4 c5 2. Nf3 e6 3. c3 Nf6 4. e5 Nd5 5. d4 cxd4 6. cxd4 Nc6 7. Bc4 Nb6 8. Bb3
d6 9. exd6 Bxd6 10. O-O O-O 11. Nc3 Bd7 12. Re1 Re8 13. Bg5 Be7 14. Bf4 Na5 15.
Bc2 Bc6 16. Ne5 g6 17. Rc1 Nd5 18. Nxc6 bxc6 19. Nxd5 cxd5 20. Ba4 Nc4 21. Bxe8
Qxe8 22. b3 Nd6 23. Qd3 Rc8 24. Rxc8 Qxc8 25. Rc1 Qd7 26. f3 Kg7 27. Qd2 h5 28.
Be5+ f6 29. Bg3 Bd8 30. Qc3 Bb6 31. Bxd6 Qxd6 32. g3 e5 33. Kg2 Bxd4 34. Qc7+
Qxc7 35. Rxc7+ Kf8 36. Rd7 Ke8 37. Rxd5 Ke7 38. Ra5 Ke6 39. Ra6+ Bb6 40. a4 Kf5
41. a5 Bd4 42. b4 e4 43. fxe4+ Kxe4 44. b5 Kd5 45. Rc6 g5 46. Rc8 h4 47. Rd8+
1-0